| 000 | 00557nam a22001817a 4500 | ||
|---|---|---|---|
| 999 |
_c190593 _d190593 |
||
| 005 | 20220728170258.0 | ||
| 010 | _aENG-134083 | ||
| 020 |
_a9789380005553 _c195.00 |
||
| 035 | _aEN-117615 | ||
| 037 | _bDBAB/PUB | ||
| 082 | _a193 | ||
| 100 | _aNietzsche, Friendrich Wilhelm | ||
| 245 |
_aThus Spoke Zarathustra/ _cFriedrich Wilhelm Neitzsche |
||
| 260 |
_aNoida _bMaple Press Private Limited _c2018 |
||
| 270 |
_aA-63, Sector 58 _bNoida _e201301 _minfo@maplepress.co.in |
||
| 300 |
_axvi, 334p. _c21cm(pbk) |
||
| 942 |
_2ddc _cEN _h193 _mNIE |
||